000 00518nam a2200181Ia 4500
999 _c1263
_d1263
003 OSt
005 20201001152227.0
008 190216s9999||||xx |||||||||||||| ||und||
040 _coclc
082 _a575.1
_bCHE/G
100 _aCherayil, J D
_95292
245 0 _aGene And The Genetic Code /
_cJ D Cherayil
250 _a1st Ed.
260 _bTata Mcgraw Hill Publishing Company Ltd,
_c1971.
_aNew Delhi:
300 _a187p
650 _aBotany
942 _cBK
_2ddc
_h575.1
_iCHE/G
_k575.1
_mCHE/G